01577cam a22002533 4500001001300000003000900013005001700022008004100039016001800080040004100098041000800139082001200147100002500159242007700184245006800261260012700329300003700456500040000493505001000893506002100903520034200924546002301266650003401289ocn560361428Co-BoUCM20170119143918.0880608s1880 fr fre 000 0 fre d7 a0010692322Uk aUKMGBbspacSandra YazodSandra Yazo0 afre04220a0341 aConil, Pierred1832-00aEnciclopedia PopularcPublicada bajo la dirección de Pierre Conilyspa10aEncyclopedie populairecPubliee sous la direction de M.P. Conil aParís (Francia)bLibrairie Poussielgue Frères [Librería de Poussielgue y Hermanos]bImpr. Mame [Imprenta Mame]c1880 aviii, 2286 páginasb29 x 20 cm aDetalles fisicos: Encuadernación rígida en cartón duro forrado en tela texturizada. Lomo con decoración repujada y letras en dorado. Tapas con rectángulos concéntricos repujados. Guardas. Anteportada. Relación de colaboradores. Impresión del texto en dos columnas, deparadas por una línea vertical. Diferentes tipos y tamaños de letra. Guardas delanteras rotas. Descuadernado2 aA - Z aConsulta en sala aDiccionario alfabético, con información sobre biografías antiguas y modernas, historia, geografía mitología, arquitectura, tecnología e inventos, física, química, matemáticas, astronomía, medicina, geología, zoología, economía, jurisprudencia y derecho usuales, temas militares y marítimos, música, deportes aTexto en francés 7aDiccionarios y enciclopedias